Sports Quiz

Random Sports Quiz

Before UNLV.... Quiz Stats

 Plays Quiz not verified by Sporcle

Challenge
Share
Tweet
Score 0/30 Timer 10:00
0 Plays Today
% Correct
Anthony Bennett
92%
Larry Johnson
76%
Roscoe Smith
76%
Wink Adams
72%
Mike Moser
72%
Marcus Banks
68%
Joe Darger
68%
Justin Hawkins
68%
Kaspars Kambala
68%
Mark Dickel
64%
Anderson Hunt
64%
Greg Anthony
60%
Freddie Banks
60%
Stacey Augmon
56%
Romel Beck
56%
% Correct
J.R. Rider
52%
Moses Scurry
52%
Dalron Johnson
48%
Lafonte Johnson
48%
David Willard
48%
Gary Graham
48%
Anthony Jones
48%
Elmore Spencer
48%
Warren Rosegreen
44%
Mark Wade
44%
Gerald Paddio
44%
George Ackles
44%
Tony Lane
40%
Reggie Manuel
40%
Clayton Johnson
40%

You're not logged in!

Compare scores with friends on all Sporcle quizzes.
Join for Free
OR
Log In

You Might Also Like...

Show Comments

Extras

Created Nov 8, 2014ReportNominate
Tags:unlv

Top Quizzes Today


Score Distribution

Your Account Isn't Verified!

In order to create a playlist on Sporcle, you need to verify the email address you used during registration. Go to your Sporcle Settings to finish the process.

Report this User

Report this user for behavior that violates our Community Guidelines.

Details: